Quizzes
Events
Quiz Creation
Community
Videos
Private Events
Remove Ads
Sign In
Join for FREE
Feedback
Dark Mode
Quiz Categories
Sports
Geography
Music
Movies
Television
Just For Fun
Miscellaneous
History
Literature
Language
Science
Gaming
Entertainment
Religion
Holiday
For Kids
Quiz Lab
Recent
Popular Today
Quiz Kudos Today
Editor Picks
Curator Picks
Quizzes by...
Day
Popularity
Type
Ratings
Length
Year
Community
Subscriptions
Recent Discussions
Orange Saloon
Badges
Playlists
Quests
Create
Leaderboards
Showdown
Live 5
Trivia Bingo
Activity
Puzzle Library
Sporcle Events
Private Events
Virtual Trivia
Globe League
Become a Host
Pub Owners
SporcleCon
Opinionation
Our Games
Videos
Blog
Mobile Apps
Partnerships
Remove Ads and Go Orange
Feedback
Television
TV Characters
TV Show
Sitcom
Network
Friends
Reality Shows
Cast
South Park
Star Trek
The Simpsons
Doctor Who
Television
TV Characters
TV Show
Sitcom
Network
Friends
Reality Shows
Cast
South Park
Star Trek
The Simpsons
Doctor Who
Random Quiz
Search Sporcle
×
Quiz Lab
Quiz Lab
Television
pirate
Type in answers that appear in a list
Type in answers that appear in a list
Classic
Best Score? Go Orange.
Jake and the Neverland Pirates Stats
Can you name the Jake and the Neverland Pirates
By
CathTW123
8m
19 Questions
922 Plays
922 Plays
922 Plays
Comments
Comments
Give Quiz Kudos
Give Quiz Kudos
-
- Ratings
hide this ad
Replay
Link that replays current quiz
Next Quiz
Link to next quiz in quiz playlist
You Got
0%
They Got
Avg Score
59%
Avg Friend Score
Upgrade to see
Score Distribution
Jump to the score distribution portion of the page
Score
0/19
Timer
08:00
0
Plays Today
Clue
Character Name
% Correct
Boy Pirate Carries Sword
Jake
98.7%
Girl Pirate Carries Pixie Dust
Izzy
91.4%
Boy Pirate Carries Maps
Cubby
88.5%
Hates Crocs and Peter Pan
Captain Hook
85.1%
Chubby sidekick of Hook
Mr Smee
74.1%
The Mother of Captain Hook
Mama Hook
61%
Green Parrot likes 'crackers'
Skully
59.9%
Skinny Singing Pirate on Hooks Ship
Bones
58.7%
Jakes Ship
Bucky
54.7%
Mermaid
Marina
54.4%
Clue
Character Name
% Correct
Chubby singing Pirate on Hooks ship
Sharky
54.3%
Enemy Of Hook
Peter Pan
52.9%
Hooks Ship
Jolly Roger
50.8%
Crocodile
Tick Tock Croc
45.3%
Red Haired Pirate /
Hooks Crush
Red Jessica
44.6%
Girl Pirate Can Make Rainbows (Royal)
Pirate Princess
44.1%
Captain of the Baracuda owns a camel
Captain Flynn
42.8%
Skybird Island Princess
Winger
33.1%
The Baracuda Captains Camel
Camille
31.6%
Quiz Playlist
Details
Report
Send in Message
Add To Playlist
Classic:
Type in answers that appear in a list
Last Updated: Feb 16, 2017
Quiz Scoreboard
CHALLENGE
Sign Up to Join the Scoreboard
Show All
Scores
Hide
Comments
May contain spoilers
Recently Published
9x9 Crossword: Cartoon Network
by jackfrog10
Miscellaneous
3m
College Basketball Coaching Resumes
by pancakes188
Sports
9m
Billboard Blitz: Fleetwood Mac
by CooCooCachoo
Music
15s
More to Explore
Quiz From the Vault
Featured Blog Post
Where Did the Easter Bunny Come From?
hide this ad
You Might Also Like...
Tags
Character
jake
Neverland
pirate
Today's Top Quizzes in Television
Browse Television
hide this ad
Today's Top Quizzes in pirate
Browse pirate
Top Contributed Quizzes in Television
1
5-to-1: The Simpsons Families
2
5-to-1: Television Doctors
3
7-to-1: TV Show Settings
4
Adjectives in 00s TV Shows
5
Adjectives in 80s TV Shows
6
5-to-1: Streaming Originals
7
Adjectives in 10s TV Shows
8
Survivor Seasons
9
One Piece Logic Puzzle
10
All US Survivor Seasons in Order
Explore More
Trending Topics
Harry Potter
Kpop
Marvel
Crossword
NBA
Anime
Disney
The Office
NFL
Puzzle
Soccer
Country
Pokémon
Song
WWE
hide this ad
More By:
CathTW123
Quiz
Plays
Rating
Category
Featured
Created
Jake and the Neverland Pirates
922
5.00
Television
Nov 10, 2013
The Wanted Facts
778
4.00
Music
Nov 10, 2013
The 5 Oceans of The World
705
2.33
Geography
Nov 14, 2013
Go to Creator's Profile
Score Distribution
Quiz Creator Spotlight
CathTW123
Follow
Send a Message
Quizzes Created
-
Created Quiz Play Count
-
More By This Creator
Popular Quizzes Today
1
Find the US States - No Outlines Minefield
2
Find the Countries of Europe - No Outlines Minefield
3
The Countries of the World
4
Find the US States
5
Risky Map Clicking: Biggest States A-Z
6
US States
7
Popular People in 1961
8
Movies - When Are They Set?
More Television Quizzes
TV Shows by Main Characters II
Published
Trending Quizzes
Risky Map Clicking: Least Populous States A-Z
1-10 Letter G Words
1-10 Letter F Words
Risky Map Clicking: Next State Alphabetically
Adjectives in 80s TV Shows
Recently Updated
Leaping Animals
pecheneg
Reality TV Shows (A-Z)
bhenderson79
Rickey Henderson's Hall of Fame Teammates
pecheneg
Champions League XIs: Arsenal
pecheneg
Quick Pick: Celebrities in WWE's Hall of Fame
aduchscher
A-Z Keypad Blitz II
pecheneg
Multiple Oscar Actors
pecheneg
Mystery Phrase Blitz: Oscar 'Best Actors'
pecheneg
F. Scott Fitzgerald Novels
LTH
Pick 3 Villains
ddd62291
Trending Topics
Marvel
Crossword
NBA
Anime
Disney
Kpop
Harry Potter
WWE
Soccer
Pokémon
Country
Puzzle
The Office
NFL
Song
Your Account Isn't Verified!
In order to create a playlist on Sporcle, you need to verify the email address you used during registration. Go to your
Sporcle Settings
to finish the process.
Report this User
Report this user for behavior that violates our
Community Guidelines
.
Details:
Send Report
Go to the Sporcle.com Mobile Site →
Comments